| 000 | 00469nam a22001577a 4500 | ||
|---|---|---|---|
| 008 | 200126b xxu||||| |||| 00| 0 eng d | ||
| 082 | _a641.3/Sw22e | ||
| 100 | _aSwaminathan, M. | ||
| 245 | _aEssentials of food and nutrition; an advanced text book | ||
| 250 | _a2nd ed.rev. & enl. | ||
| 260 |
_aBanglore, _bThe Banglore Printing & Publishing, _c2015. |
||
| 300 | _b544p. | ||
| 504 | _aBibliography at the end of each chapter | ||
| 650 | _aFood | ||
| 942 |
_2ddc _cGEN |
||
| 999 |
_c91308 _d91297 |
||